01044 2200217 4500001002100000005001500021008004100036020001500077035001900092041000800111082001000119084001600129100003500145245003000180250001200210260003600222300003600258500002400294520048600318650002200804INLIS00000000000035720200508200913200508||||||||| | ||| |||| ||eng|| a0764526022 0010-0520000357 aeng0 a005.2 a005.2/ZUF/B0 aJoe Zuffoletto and Lou Miranda00aBEA WebLogic Server Bible a2th ed. aIndianapolisbMcGraw Hillc2003 axxxiii, 950p.b:illus.;c24 cm. aIndeks : p. 899-950 aThe computer industry innovates at an unprecedented pace producing mutiple technological revolutions - involving changes so dramatic they shift the entire industry - within a relatively short time period. Thirty years ago, computers were enormous, complex, and expensive, making them only economically feasible to large corporations, universities, and government. With the personal computer revolution, that same technology has arrived in schools, homes, and nearly every business. 0aKomputer-Aplikasi